Statistics for Coldplay Albums by Cover

Click here to take the quiz!

General Stats

  • This quiz has been taken 24 times
  • The average score is 9 of 13

Answer Stats

Answer% Correct
Viva la Vida or Death and All His Friends
95%
A Head Full of Dreams
85%
Parachutes
85%
A Rush of Blood to the Head
80%
X&Y
80%
Everyday Life
75%
Ghost Stories
75%
Mylo Xyloto
75%
Kaleidoscope
65%
Music of the Spheres
65%
Prospekt's March EP
60%
The Blue Room EP
60%
Safety EP
30%

Score Distribution

Percentile by Number Answered

Percent of People with Each Score

Your Score History

You have not taken this quiz